003750000a22001090004500090001700000245010700017041001400124100003700138942001300175773006000188999001700248 aAsbSeriadas10aAumento del vigor en semillas de Pinus patula (Schlecht. & Cham.) por efecto del osmoacondicionamiento0 aEspañol1 aPiedrahita Cardona, Edgar999844 cARTICULO1 tCrónica Forestal y del Medio Ambienteh13q5-24d1998 c15586d15586